[Event "Nicolosi Etna op 1st"]
[Site "Nicolosi"]
[Date "2014.12.07"]
[Round "4"]
[White "Barbagallo, Andrea"]
[Black "Lombardo, Corrado"]
[Result "0-1"]
[WhiteElo "1677"]
[BlackElo "1855"]
[PlyCount "52"]
[EventDate "2014.12.05"]
[EventType "swiss"]
[EventRounds "7"]
[EventCountry "ITA"]
[SourceTitle "CBM 163 Extra"]
[Source "ChessBase"]
[SourceDate "2014.12.23"]
[SourceVersion "1"]
[SourceVersionDate "2014.12.23"]
[SourceQuality "1"]

1. e4 c5 2. Nf3 a6 3. d4 cxd4 4. Nxd4 Nf6 5. Nc3 e5 6. Nb3 Bb4 7. Bd3 d5 8. 0-0 Bxc3 9. bxc3 dxe4 10. Bc4 Qc7 11. Be2 Be6 12. Ba3 Nbd7 13. Qe1 Nd5 14. c4 Nf4 15. c5 Qc6 16. Na5 Qa4 17. Bb4 Nxe2+ 18. Kh1 Nd4 19. Nxb7 Nxc2 20. Nd6+ Ke7 21. Qd2 Qxb4 22. Nf5+ Bxf5 23. Qd6+ Ke8 24. Rab1 Qxc5 25. Qxc5 Nxc5 26. Rbc1 e3 0-1

[Event "Nicolosi Etna op 1st"]
[Site "Nicolosi"]
[Date "2014.12.05"]
[Round "1"]
[White "Lalic, Bogdan"]
[Black "Lombardo, Corrado"]
[Result "1-0"]
[WhiteElo "2479"]
[BlackElo "1855"]
[PlyCount "113"]
[EventDate "2014.12.05"]
[EventType "swiss"]
[EventRounds "7"]
[EventCountry "ITA"]
[SourceTitle "CBM 163 Extra"]
[Source "ChessBase"]
[SourceDate "2014.12.23"]
[SourceVersion "1"]
[SourceVersionDate "2014.12.23"]
[SourceQuality "1"]

1. c4 e5 2. Nc3 Bb4 3. Nd5 Be7 4. d4 d6 5. Nf3 c6 6. Nc3 Qc7 7. e4 Nf6 8. Be2 Bg4 9. d5 cxd5 10. cxd5 0-0 11. Be3 Rc8 12. 0-0 Nbd7 13. Rc1 Qd8 14. Nd2 Bxe2 15. Qxe2 Nf8 16. Rc2 Qd7 17. f3 Ng6 18. g3 a6 19. Rfc1 Bd8 20. a4 Rab8 21. b4 b5 22. axb5 axb5 23. Nd1 Ne7 24. Kg2 h6 25. Rxc8 Rxc8 26. Rxc8 Nxc8 27. Nc3 Bb6 28. Bxb6 Nxb6 29. Nxb5 Kf8 30. Nb1 Ke7 31. N1c3 Qc8 32. Qe3 Nfd7 33. Na7 Qc4 34. Ncb5 Qa2+ 35. Qf2 Qxf2+ 36. Kxf2 Nb8 37. Nc6+ Nxc6 38. dxc6 d5 39. Nc7 Kd6 40. Nxd5 Kxc6 41. Ne7+ Kb5 42. Nf5 Kxb4 43. Nxg7 Nd7 44. g4 Nf6 45. Nf5 Ng8 46. h4 f6 47. f4 exf4 48. Kf3 Kc5 49. Kxf4 Kc6 50. Ng7 Kd6 51. Kf5 Ke7 52. Kg6 Kf8 53. Nf5 Ne7+ 54. Nxe7 Kxe7 55. h5 Ke6 56. Kxh6 Kf7 57. Kh7 1-0

[Event "Terre degli Elimi op 5th"]
[Site "Erice"]
[Date "2014.07.21"]
[Round "3"]
[White "Lombardo, Corrado"]
[Black "Antoniacci, Ricardo"]
[Result "1-0"]
[WhiteElo "1830"]
[BlackElo "1877"]
[PlyCount "75"]
[EventDate "2014.07.19"]
[EventType "swiss"]
[EventRounds "9"]
[EventCountry "ITA"]
[SourceTitle "CBM 161 Extra"]
[Source "ChessBase"]
[SourceDate "2014.08.29"]
[SourceVersion "1"]
[SourceVersionDate "2014.08.29"]
[SourceQuality "1"]

1. e4 c5 2. Nf3 Nc6 3. d4 cxd4 4. Nxd4 g6 5. c4 Bg7 6. Be3 Nf6 7. Nc3 Ng4 8. Qxg4 Nxd4 9. Qd1 Ne6 10. Rc1 Qa5 11. Qd2 b6 12. b3 Bb7 13. Nd5 Qxd2+ 14. Kxd2 Rc8 15. f3 h5 16. g3 f6 17. Bd3 Kf7 18. h4 Nc5 19. Bb1 e6 20. Nc3 Rhd8 21. Ke2 d5 22. cxd5 exd5 23. exd5 f5 24. Rhd1 Nxb3 25. axb3 Rxc3 26. Rxc3 Bxc3 27. d6 Be5 28. Bf4 Bxf4 29. gxf4 Ke6 30. Rg1 Rg8 31. Rd1 Rg7 32. Bd3 Bd5 33. Bb5 Bxb3 34. Rd3 Bd5 35. d7 Rg8 36. Re3+ Kd6 37. Re8 Kc7 38. d8Q+ 1-0